[Event "Cholet-A"]
[Site "Cholet"]
[Date "2011.03.07"]
[Round "3"]
[White "Jeanneau, Nicolas"]
[Black "Aumont, Eric"]
[Result "1-0"]
[WhiteElo "1850"]
[BlackElo "1807"]
[PlyCount "97"]
[EventDate "2011.03.05"]
[EventType "tourn"]
[EventRounds "9"]
[EventCountry "FRA"]
[SourceTitle "EXT 2012"]
[Source "ChessBase"]
[SourceDate "2011.11.24"]
[SourceVersion "1"]
[SourceVersionDate "2011.11.24"]
[SourceQuality "1"]

1. e4 c6 2. d4 d5 3. e5 Bf5 4. Nf3 h6 5. Bd3 Bxd3 6. Qxd3 e6 7. Be3 Ne7 8. Nbd2 Nf5 9. 0-0 Be7 10. b3 0-0 11. Rad1 Na6 12. c3 c5 13. g4 Nxe3 14. Qxe3 Rc8 15. Kh1 cxd4 16. Nxd4 Qa5 17. b4 Qb6 18. N2b3 Nb8 19. f4 a6 20. f5 Bg5 21. Qg3 Qc7 22. Rf3 exf5 23. gxf5 Nd7 24. e6 Qxg3 25. Rxg3 Nb6 26. Nc5 Rc7 27. a4 Be7 28. Ndb3 a5 29. exf7+ Rxf7 30. Ne6 Rd7 31. bxa5 Nxa4 32. Nbd4 Bf6 33. Ra1 Bxd4 34. Nxd4 Nc5 35. Rag1 Ne4 36. Rf3 Kh7 37. h4 Rd6 38. Rc1 Ra6 39. Nb3 Rc7 40. Kg2 Rac6 41. h5 Rc4 42. Rd3 Nf6 43. Nd4 Nxh5 44. Ne6 d4 45. Rxd4 Rxc3 46. Rxc3 Rxc3 47. Rd8 Ra3 48. Nf8+ Kg8 49. Ng6+ 1-0